[Event "Titled Tuesday intern op 15th June"]
[Site "Chess.com INT"]
[Date "2021.06.15"]
[Round "7"]
[White "Mesnyankin, Nikita"]
[Black "Maklakova, Nellija"]
[Result "1-0"]
[WhiteElo "2176"]
[BlackElo "1828"]
[PlyCount "49"]
[EventDate "2021.06.15"]
[EventType "swiss (blitz)"]
[EventRounds "11"]
[EventCountry "USA"]
[SourceTitle "CBM 203 Extra"]
[Source "ChessBase"]
[SourceDate "2021.09.30"]
[SourceVersion "1"]
[SourceVersionDate "2021.09.30"]
[SourceQuality "1"]

1. g3 e5 2. Bg2 d5 3. d3 c6 4. Nc3 Nf6 5. e4 d4 6. Nce2 Be7 7. h3 0-0 8. f4 exf4 9. gxf4 Nbd7 10. Nf3 b6 11. 0-0 Re8 12. Ng3 Nf8 13. Bd2 c5 14. f5 Bb7 15. Bf4 g6 16. Qd2 N8d7 17. Rae1 Nh5 18. Nxh5 gxh5 19. e5 Bf8 20. e6 Nf6 21. exf7+ Kxf7 22. Ng5+ Kg7 23. Bxb7 Rb8 24. Bc6 Rxe1 25. Qxe1 1-0

[Event "Titled Tuesday intern op 26th Jan"]
[Site "Chess.com INT"]
[Date "2021.01.26"]
[Round "5"]
[White "Cagara, Paulina"]
[Black "Mesnyankin, Nikita"]
[Result "0-1"]
[WhiteElo "2027"]
[BlackElo "2176"]
[PlyCount "78"]
[EventDate "2021.01.26"]
[EventType "swiss (blitz)"]
[EventRounds "11"]
[EventCountry "USA"]
[SourceTitle "CBM 200 Extra"]
[Source "ChessBase"]
[SourceDate "2021.03.31"]
[SourceVersion "1"]
[SourceVersionDate "2021.03.31"]
[SourceQuality "1"]

1. e4 g6 2. d4 Bg7 3. Nc3 d6 4. Be3 Nc6 5. Qd2 e5 6. f3 exd4 7. Bg5 dxc3 8. bxc3 Nf6 9. Bb5 0-0 10. Ne2 a6 11. Ba4 b5 12. Bb3 Na5 13. 0-0 Qe8 14. Rad1 Be6 15. Nd4 Bxb3 16. cxb3 Nc6 17. Nc2 Nd7 18. h4 Qe5 19. Nd4 Nxd4 20. cxd4 Qe6 21. d5 Qe8 22. Rc1 Rc8 23. Rc6 Nb8 24. Rc2 c5 25. dxc6 Rxc6 26. Rxc6 Qxc6 27. Rc1 Qd7 28. h5 Nc6 29. Qd5 Nd4 30. Kh1 Ne6 31. Be3 Rc8 32. Rd1 gxh5 33. Qxh5 Rc2 34. e5 d5 35. Bh6 Bxh6 36. Qxh6 d4 37. f4 Qd5 38. Rg1 Qe4 39. f5 Qxf5 0-1

[Event "EU-ch Online U2300 Final"]
[Site "Chess.com INT"]
[Date "2020.05.26"]
[Round "3"]
[White "Mesnyankin, Nikita"]
[Black "Salna, Aleksandras"]
[Result "0-1"]
[WhiteElo "2176"]
[BlackElo "2063"]
[PlyCount "68"]
[EventDate "2020.05.26"]
[EventType "swiss"]
[EventRounds "8"]
[EventCountry "NET"]
[SourceTitle "CBM 196 Extra"]
[Source "ChessBase"]
[SourceDate "2020.07.31"]
[SourceVersion "1"]
[SourceVersionDate "2020.07.31"]
[SourceQuality "1"]

1. e4 c5 2. Nf3 Nc6 3. d4 cxd4 4. Nxd4 Nf6 5. Nc3 e5 6. Ndb5 d6 7. Bg5 a6 8. Na3 b5 9. Nd5 Be7 10. Bxf6 Bxf6 11. c4 b4 12. Nc2 0-0 13. h4 a5 14. b3 g6 15. Nxf6+ Qxf6 16. g3 a4 17. Bg2 Bg4 18. f3 axb3 19. axb3 Rxa1 20. Qxa1 Bd7 21. 0-0 Qd8 22. Qa6 f5 23. f4 Qc7 24. Ne3 Nd4 25. Nd5 Qc5 26. Kh2 fxe4 27. Bxe4 Be6 28. Ne7+ Kg7 29. Qb7 Rf7 30. fxe5 Qxe5 31. Rxf7+ Bxf7 32. Bg2 Ne2 33. Nd5 Qxg3+ 34. Kh1 Qxh4+ 0-1

[Event "EU-ch Online U2300 Final"]
[Site "Chess.com INT"]
[Date "2020.05.26"]
[Round "8"]
[White "Musovic, Armin"]
[Black "Mesnyankin, Nikita"]
[Result "1-0"]
[WhiteElo "2219"]
[BlackElo "2176"]
[PlyCount "53"]
[EventDate "2020.05.26"]
[EventType "swiss"]
[EventRounds "8"]
[EventCountry "NET"]
[SourceTitle "CBM 196 Extra"]
[Source "ChessBase"]
[SourceDate "2020.07.31"]
[SourceVersion "1"]
[SourceVersionDate "2020.07.31"]
[SourceQuality "1"]

1. e4 e5 2. Nf3 Nc6 3. Nc3 Nf6 4. Bb5 Bd6 5. 0-0 0-0 6. h3 Re8 7. Re1 h6 8. Bxc6 dxc6 9. d4 Nd7 10. dxe5 Nxe5 11. Bf4 Nxf3+ 12. Qxf3 Qf6 13. e5 Bxe5 14. Qg3 Bxf4 15. Rxe8+ Kh7 16. Qf3 Bg4 17. Qd3+ Bf5 18. Qe2 Rxe8 19. Qxe8 Qg6 20. Re1 Be6 21. Qd8 Qxc2 22. Qd1 Qxb2 23. Qd3+ Kg8 24. g3 Bd6 25. Rb1 Qa3 26. Rxb7 Be5 27. Rb8+ 1-0

[Event "EU-ch Online U2300 Qual"]
[Site "Chess.com INT"]
[Date "2020.05.25"]
[Round "6"]
[White "Mesnyankin, Nikita"]
[Black "Manukyan, Sargis A"]
[Result "1-0"]
[WhiteElo "2176"]
[BlackElo "2244"]
[PlyCount "97"]
[EventDate "2020.05.25"]
[EventType "swiss"]
[EventRounds "8"]
[EventCountry "NET"]
[SourceTitle "EXT 2021"]
[Source "ChessBase"]
[SourceDate "2020.10.23"]
[SourceVersion "1"]
[SourceVersionDate "2020.10.23"]
[SourceQuality "1"]

1. e4 c5 2. Nf3 d6 3. d4 cxd4 4. Nxd4 Nf6 5. Nc3 g6 6. Be2 Bg7 7. 0-0 0-0 8. Be3 Nc6 9. Nb3 b6 10. Qd2 Bb7 11. f4 Rc8 12. Rad1 Nd7 13. e5 Nc5 14. Bg4 Rb8 15. exd6 exd6 16. Qxd6 Qxd6 17. Rxd6 Nxb3 18. cxb3 Nb4 19. Rfd1 h5 20. Bf3 Bxf3 21. gxf3 Bxc3 22. bxc3 Nxa2 23. c4 Rfe8 24. Kf2 Nb4 25. f5 Rb7 26. fxg6 fxg6 27. Rxg6+ Kf7 28. Rh6 Rbe7 29. Bg5 Re2+ 30. Kg3 h4+ 31. Bxh4 Rg8+ 32. Kf4 Kg7 33. Rg1+ Kxh6 34. Rxg8 Rxh2 35. Bf6 Rf2 36. Rg7 a5 37. Rb7 Rf1 38. Rxb6 Kh7 39. Bc3 Nd3+ 40. Ke3 Ne1 41. Bxe1 Rxe1+ 42. Kd4 Ra1 43. Ra6 Rb1 44. Kc3 Ra1 45. Kb2 Rf1 46. Rxa5 Rxf3 47. Rg5 Kh6 48. Rg1 Kh5 49. Ka3 1-0

[Event "EU-ch Online U2300 Qual"]
[Site "Chess.com INT"]
[Date "2020.05.25"]
[Round "2"]
[White "Mirimanian, Hayk"]
[Black "Mesnyankin, Nikita"]
[Result "1/2-1/2"]
[WhiteElo "2268"]
[BlackElo "2176"]
[PlyCount "80"]
[EventDate "2020.05.25"]
[EventType "swiss"]
[EventRounds "8"]
[EventCountry "NET"]
[SourceTitle "EXT 2021"]
[Source "ChessBase"]
[SourceDate "2020.10.23"]
[SourceVersion "1"]
[SourceVersionDate "2020.10.23"]
[SourceQuality "1"]

1. e4 e5 2. Nf3 Nc6 3. Bc4 Bc5 4. d3 Nf6 5. 0-0 0-0 6. Re1 d6 7. c3 a6 8. a4 Ba7 9. h3 h6 10. Nbd2 Ne7 11. d4 Ng6 12. Bf1 Re8 13. a5 Be6 14. d5 Bd7 15. b4 c6 16. Nc4 cxd5 17. Nxd6 Nxe4 18. Nxe4 dxe4 19. Rxe4 Bc6 20. Qxd8 Raxd8 21. Re1 e4 22. Nd4 Bxd4 23. cxd4 Rxd4 24. Rb1 Rd5 25. Bc4 Rf5 26. Be3 Ne5 27. Rec1 Nxc4 28. Rxc4 Rd8 29. Rbc1 Rd6 30. Kh2 Re6 31. Rd4 Rd5 32. Rxd5 Bxd5 33. Rc7 Bc6 34. g4 Rf6 35. h4 Rd6 36. h5 Rd3 37. Rc8+ Kh7 38. Rc7 Kg8 39. Rc8+ Kh7 40. Rc7 Kg8 1/2-1/2

[Event "RUS-ch blitz"]
[Site "Sochi"]
[Date "2017.10.02"]
[Round "2"]
[White "Grachev, Boris V"]
[Black "Mesnyankin, Nikita"]
[Result "1-0"]
[WhiteElo "2654"]
[BlackElo "2183"]
[PlyCount "67"]
[EventDate "2017.10.02"]
[EventType "swiss (blitz)"]
[EventRounds "20"]
[EventCountry "RUS"]
[SourceTitle "EXT 2018"]
[Source "ChessBase"]
[SourceDate "2017.10.13"]
[SourceVersion "1"]
[SourceVersionDate "2017.10.13"]
[SourceQuality "1"]

1. d4 d5 2. Bf4 Nf6 3. e3 e6 4. Nd2 b6 5. c3 Bb7 6. Bd3 c5 7. Ngf3 Nbd7 8. 0-0 Be7 9. Ne5 Nxe5 10. Bxe5 0-0 11. Qf3 Nd7 12. Qh3 g6 13. Bf4 f5 14. Nf3 Bf6 15. Qg3 Re8 16. h4 Qe7 17. Bb5 Red8 18. Bc7 Rdc8 19. Bd6 Qf7 20. Bxd7 Qxd7 21. Be5 Bxe5 22. Nxe5 Qg7 23. Rad1 c4 24. f3 Rf8 25. b3 cxb3 26. axb3 Rac8 27. c4 dxc4 28. bxc4 a5 29. Rb1 Ba6 30. Rfc1 Rb8 31. h5 g5 32. h6 Qf6 33. Nd7 Qd8 34. Nxb8 1-0

[Event "RUS-ch blitz"]
[Site "Sochi"]
[Date "2017.10.02"]
[Round "1"]
[White "Mesnyankin, Nikita"]
[Black "Grachev, Boris V"]
[Result "0-1"]
[WhiteElo "2183"]
[BlackElo "2654"]
[PlyCount "34"]
[EventDate "2017.10.02"]
[EventType "swiss (blitz)"]
[EventRounds "20"]
[EventCountry "RUS"]
[SourceTitle "EXT 2018"]
[Source "ChessBase"]
[SourceDate "2017.10.13"]
[SourceVersion "1"]
[SourceVersionDate "2017.10.13"]
[SourceQuality "1"]

1. e4 c5 2. Nf3 e6 3. d4 cxd4 4. Nxd4 Nc6 5. Nc3 a6 6. Be3 Nf6 7. Qf3 Bb4 8. Nxc6 dxc6 9. Bd3 Bxc3+ 10. bxc3 Qa5 11. Bd2 e5 12. 0-0 0-0 13. a4 Be6 14. c4 Qxd2 15. Rab1 Rab8 16. Rfd1 Qa5 17. Ra1 Bg4 0-1

[Event "Chigorin Memorial 23rd"]
[Site "St Petersburg"]
[Date "2015.10.04"]
[Round "2"]
[White "Mesnyankin, Nikita"]
[Black "Kozionov, Kirill"]
[Result "0-1"]
[WhiteElo "2218"]
[BlackElo "2409"]
[PlyCount "68"]
[EventDate "2015.10.03"]
[EventType "swiss"]
[EventRounds "9"]
[EventCountry "RUS"]
[SourceTitle "CBM 168 Extra"]
[Source "ChessBase"]
[SourceDate "2015.10.29"]
[SourceVersion "1"]
[SourceVersionDate "2015.10.29"]
[SourceQuality "1"]

1. e4 d5 2. exd5 Qxd5 3. Nf3 Bg4 4. Be2 Nc6 5. d4 0-0-0 6. Be3 e5 7. c4 Qa5+ 8. Bd2 Bb4 9. d5 Bxf3 10. Bxf3 Bxd2+ 11. Nxd2 Nd4 12. 0-0 Qb4 13. Nb3 Qxc4 14. Nxd4 Qxd4 15. Qxd4 exd4 16. Rad1 Nf6 17. Rxd4 Rhe8 18. Rc1 Rd6 19. Rdc4 Re7 20. Rc5 Kd8 21. Kf1 Red7 22. Rb5 b6 23. Rc6 a6 24. Rxd6 Rxd6 25. Rb4 Nxd5 26. Rc4 b5 27. Rc1 Nb4 28. a3 Nd3 29. Rc2 c5 30. Be2 c4 31. Rd2 Kc7 32. b3 Kc6 33. Rc2 Kd5 34. Rc3 Kd4 0-1

[Event "Chigorin Memorial 23rd"]
[Site "St Petersburg"]
[Date "2015.10.03"]
[Round "1"]
[White "Lemeshev, Roman"]
[Black "Mesnyankin, Nikita"]
[Result "0-1"]
[WhiteElo "1763"]
[BlackElo "2218"]
[PlyCount "60"]
[EventDate "2015.10.03"]
[EventType "swiss"]
[EventRounds "9"]
[EventCountry "RUS"]
[SourceTitle "CBM 168 Extra"]
[Source "ChessBase"]
[SourceDate "2015.10.29"]
[SourceVersion "1"]
[SourceVersionDate "2015.10.29"]
[SourceQuality "1"]

1. e4 e5 2. Nf3 Nc6 3. Bc4 Bc5 4. b4 Bb6 5. c3 Nf6 6. Qb3 Qe7 7. d3 d6 8. Bg5 h6 9. Bh4 0-0 10. a4 a5 11. b5 Nd8 12. 0-0 Ne6 13. Bxe6 Bxe6 14. c4 g5 15. Bg3 Nh5 16. Nc3 f5 17. exf5 Rxf5 18. Qd1 Raf8 19. Ra2 Nf4 20. Bxf4 Rxf4 21. Ne2 R4f7 22. h3 Bxh3 23. gxh3 Rxf3 24. Nc3 Qe6 25. Ne4 Qxh3 26. c5 Qg4+ 27. Ng3 Bxc5 28. Qb3+ Kh8 29. Kg2 Bxf2 30. Raxf2 Rxg3+ 0-1

[Event "EU-ch U14 24th"]
[Site "Batumi"]
[Date "2014.10.26"]
[Round "7"]
[White "Mesnyankin, Nikita"]
[Black "Hofmann, Colin"]
[Result "1-0"]
[WhiteElo "2043"]
[BlackElo "1856"]
[PlyCount "45"]
[EventDate "2014.10.19"]
[EventType "swiss"]
[EventRounds "9"]
[EventCountry "GEO"]
[SourceTitle "EXT 2015"]
[Source "ChessBase"]
[SourceDate "2014.11.20"]
[SourceVersion "1"]
[SourceVersionDate "2014.11.20"]
[SourceQuality "1"]

1. e4 c5 2. Nf3 d6 3. c3 Nf6 4. Be2 Nc6 5. d4 cxd4 6. cxd4 e6 7. Nc3 Be7 8. 0-0 0-0 9. Bd3 e5 10. dxe5 dxe5 11. h3 b6 12. Bb5 Bb7 13. Bxc6 Bxc6 14. Nxe5 Bxe4 15. Nxe4 Qxd1 16. Rxd1 Nxe4 17. Re1 Nc5 18. Be3 Rac8 19. Rac1 Rfd8 20. b4 Ne6 21. Nc6 Rxc6 22. Rxc6 Bxb4 23. Rec1 1-0

[Event "EU-ch U14 24th"]
[Site "Batumi"]
[Date "2014.10.20"]
[Round "2"]
[White "Maltsevskiy, Nikolay"]
[Black "Mesnyankin, Nikita"]
[Result "0-1"]
[WhiteElo "1716"]
[BlackElo "2043"]
[PlyCount "61"]
[EventDate "2014.10.19"]
[EventType "swiss"]
[EventRounds "9"]
[EventCountry "GEO"]
[SourceTitle "EXT 2015"]
[Source "ChessBase"]
[SourceDate "2014.11.20"]
[SourceVersion "1"]
[SourceVersionDate "2014.11.20"]
[SourceQuality "1"]

1. d4 Nf6 2. c4 e6 3. Nf3 Bb4+ 4. Bd2 Qe7 5. g3 b6 6. Bg2 Bb7 7. 0-0 0-0 8. Nc3 d6 9. a3 Bxc3 10. Bxc3 Nbd7 11. Re1 Ne4 12. Qc2 f5 13. Nd2 Ndf6 14. g4 Nxg4 15. Nxe4 fxe4 16. Bxe4 Bxe4 17. Qxe4 Qh4 18. Qg2 c6 19. Rf1 Rf6 20. Qg3 Qh5 21. Kh1 Rh6 22. h3 Qf5 23. Kg2 Rg6 24. hxg4 Rxg4 25. f3 Rxg3+ 26. Kxg3 Rf8 27. Rg1 g6 28. Kf2 Qc2 29. Rg4 Qa4 30. d5 cxd5 31. cxd5 0-1

[Event "Saratov Shestoperov Memorial U15"]
[Site "Saratov"]
[Date "2014.06.20"]
[Round "5"]
[White "Mesnyankin, Nikita"]
[Black "Demin, Danila"]
[Result "1-0"]
[WhiteElo "1903"]
[BlackElo "1670"]
[PlyCount "53"]
[EventDate "2014.06.16"]
[EventType "swiss"]
[EventRounds "9"]
[EventCountry "RUS"]
[SourceTitle "EXT 2015"]
[Source "ChessBase"]
[SourceDate "2014.11.20"]
[SourceVersion "1"]
[SourceVersionDate "2014.11.20"]
[SourceQuality "1"]

1. b3 e5 2. Bb2 Nc6 3. e3 Nf6 4. Bb5 a6 5. Bxc6 dxc6 6. Bxe5 Bd6 7. Bxd6 cxd6 8. h3 d5 9. Nf3 Ne4 10. d4 Qa5+ 11. Nfd2 Bf5 12. 0-0 Nc3 13. Nxc3 Qxc3 14. Rc1 Qb2 15. a4 b5 16. Qh5 g6 17. Qh6 Bxc2 18. Qg7 Rf8 19. Qf6 Rc8 20. axb5 axb5 21. Ra1 Bf5 22. Ra7 Bd7 23. Nf3 Rd8 24. Ne5 Qc2 25. Nxd7 Rxd7 26. Ra8+ Rd8 27. Qxd8# 1-0

[Event "Astrakhan Region-ch"]
[Site "Astrakhan"]
[Date "2013.10.10"]
[Round "6"]
[White "Belova, Svetlana"]
[Black "Mesnyankin, Nikita"]
[Result "0-1"]
[WhiteElo "1545"]
[BlackElo "1852"]
[PlyCount "80"]
[EventDate "2013.10.05"]
[EventType "swiss"]
[EventRounds "9"]
[EventCountry "RUS"]
[SourceTitle "EXT 2014"]
[Source "ChessBase"]
[SourceDate "2013.11.20"]
[SourceVersion "1"]
[SourceVersionDate "2013.11.20"]
[SourceQuality "1"]

1. e4 c5 2. Nc3 Nc6 3. g3 g6 4. Bg2 Bg7 5. d3 d6 6. Nge2 e6 7. 0-0 Nge7 8. f4 0-0 9. Be3 Rb8 10. d4 cxd4 11. Nxd4 Qb6 12. Nce2 Qxb2 13. Bf2 Rd8 14. c3 b6 15. a4 Ba6 16. Rb1 Qa2 17. Re1 e5 18. Nxc6 Nxc6 19. f5 Ne7 20. g4 d5 21. fxg6 hxg6 22. exd5 Nxd5 23. Ra1 Qc4 24. Qc2 Qxg4 25. Ng3 Nf4 26. h3 Nxh3+ 27. Kh2 Nxf2 28. Qxf2 Qh4+ 29. Kg1 Rd3 30. Re3 Rxe3 31. Qxe3 Rd8 32. Ne4 Rd3 33. Qg5 Qxg5 34. Nxg5 Rxc3 35. Ne4 Rc2 36. Rd1 Rxg2+ 37. Kxg2 Bb7 38. Rd8+ Kh7 39. Kf3 f5 40. Rd7 Bxe4+ 0-1

[Event "Astrakhan Region-ch"]
[Site "Astrakhan"]
[Date "2013.10.09"]
[Round "5"]
[White "Mesnyankin, Nikita"]
[Black "Ivlev, Aleksey"]
[Result "0-1"]
[WhiteElo "1852"]
[BlackElo "2081"]
[PlyCount "46"]
[EventDate "2013.10.05"]
[EventType "swiss"]
[EventRounds "9"]
[EventCountry "RUS"]
[SourceTitle "EXT 2014"]
[Source "ChessBase"]
[SourceDate "2013.11.20"]
[SourceVersion "1"]
[SourceVersionDate "2013.11.20"]
[SourceQuality "1"]

1. d4 Nf6 2. Nf3 e6 3. g3 b5 4. Bg2 Bb7 5. 0-0 Be7 6. Re1 0-0 7. Nbd2 d5 8. a4 b4 9. Ne5 Nbd7 10. f4 c5 11. e3 Rc8 12. b3 Qc7 13. Ra2 Rfd8 14. g4 Ne4 15. Qf3 cxd4 16. exd4 Qb6 17. Nxe4 dxe4 18. Qf2 Nxe5 19. fxe5 Rxd4 20. Be3 Bc5 21. Kh1 Rd7 22. Bxc5 Qxc5 23. Qxc5 Rxc5 0-1

[Event "Astrakhan op"]
[Site "Astrakhan"]
[Date "2013.08.19"]
[Round "6"]
[White "Mesnyankin, Nikita"]
[Black "Arslanov, Shamil"]
[Result "1-0"]
[WhiteElo "1857"]
[BlackElo "2401"]
[PlyCount "137"]
[EventDate "2013.08.14"]
[EventType "swiss"]
[EventRounds "9"]
[EventCountry "RUS"]
[SourceTitle "CBM 156 Extra"]
[Source "ChessBase"]
[SourceDate "2013.10.22"]
[SourceVersion "1"]
[SourceVersionDate "2013.10.22"]
[SourceQuality "1"]

1. d4 Nf6 2. Nf3 d6 3. c4 g6 4. Nc3 Bg7 5. e4 0-0 6. Be2 Re8 7. 0-0 Bg4 8. Ne1 Bxe2 9. Qxe2 e5 10. d5 a6 11. Nc2 Nbd7 12. b4 Rc8 13. Na4 c5 14. bxc5 Nxc5 15. Nxc5 Rxc5 16. Ba3 Rc7 17. Rab1 Qd7 18. Rfc1 Rec8 19. Ne1 Ne8 20. Qd3 Qa4 21. Rb4 Qa5 22. Rcb1 b5 23. Nc2 Rxc4 24. Rxc4 Rxc4 25. Nb4 Qa4 26. Nc6 Rxe4 27. Ne7+ Kf8 28. Nc8 Rd4 29. Qf3 Rf4 30. Qh3 Qc2 31. Rf1 Rc4 32. Nxd6 Nxd6 33. Bxd6+ Kg8 34. Qd7 Rc8 35. Qb7 e4 36. Bf4 Bd4 37. h3 Re8 38. d6 Rd8 39. Qe7 Qc8 40. Qxe4 Bg7 41. Rd1 Qd7 42. Rc1 Bf8 43. Rc7 Qe6 44. Qxe6 fxe6 45. Rc6 a5 46. Kf1 Kf7 47. Rc7+ Kf6 48. h4 h6 49. d7 Ke7 50. Be3 Kd6 51. Ra7 a4 52. Bb6 Rxd7 53. Bc5+ Kxc5 54. Rxd7 Bd6 55. Ke2 b4 56. Kd3 e5 57. Rg7 b3 58. axb3 e4+ 59. Kc2 a3 60. Rxg6 Bf4 61. g3 e3 62. fxe3 Bxe3 63. Ra6 Kb4 64. Ra4+ Kb5 65. Rxa3 Bf2 66. b4 Kxb4 67. Rf3 Bc5 68. Kd3 Bd6 69. Ke4 1-0

[Event "Astrakhan Gazprombank-B"]
[Site "Astrakhan"]
[Date "2013.03.06"]
[Round "5"]
[White "Ibragimov, Timur"]
[Black "Mesnyankin, Nikita"]
[Result "1/2-1/2"]
[WhiteElo "1772"]
[BlackElo "1821"]
[PlyCount "60"]
[EventDate "2013.03.02"]
[EventType "swiss"]
[EventRounds "9"]
[EventCountry "RUS"]
[SourceTitle "EXT 2014"]
[Source "ChessBase"]
[SourceDate "2013.11.20"]
[SourceVersion "1"]
[SourceVersionDate "2013.11.20"]
[SourceQuality "1"]

1. e4 e5 2. Nf3 Nc6 3. Bb5 a6 4. Ba4 Nf6 5. 0-0 b5 6. Bb3 Be7 7. Re1 0-0 8. c3 d5 9. exd5 Nxd5 10. d4 exd4 11. Nxd4 Nxd4 12. Qxd4 Be6 13. Bxd5 Bxd5 14. Bf4 Bd6 15. Bxd6 Qxd6 16. Nd2 Rfe8 17. Nf1 c5 18. Qd2 Qc6 19. Rxe8+ Rxe8 20. Ne3 Be6 21. b3 Re7 22. Rd1 Rd7 23. Qe2 h6 24. h3 Kf8 25. f3 a5 26. Ng4 Bxg4 27. hxg4 Qe6 28. Kf2 Rxd1 29. Qxd1 Ke7 30. Qd3 Qc6 1/2-1/2

[Event "Astrakhan Ritminform Cup-B"]
[Site "Astrakhan"]
[Date "2013.01.12"]
[Round "8"]
[White "Mesnyankin, Nikita"]
[Black "Isaev, Felix"]
[Result "1/2-1/2"]
[WhiteElo "1813"]
[BlackElo "1740"]
[PlyCount "102"]
[EventDate "2013.01.04"]
[EventType "swiss"]
[EventRounds "9"]
[EventCountry "RUS"]
[SourceTitle "EXT 2014"]
[Source "ChessBase"]
[SourceDate "2013.11.20"]
[SourceVersion "1"]
[SourceVersionDate "2013.11.20"]
[SourceQuality "1"]

1. d4 e6 2. e4 d5 3. Nd2 c5 4. exd5 exd5 5. dxc5 Bxc5 6. Ngf3 Nf6 7. Nb3 Bb6 8. Bg5 Bxf2+ 9. Kxf2 Ne4+ 10. Kg1 Nxg5 11. Qe2+ Ne4 12. Qb5+ Nc6 13. Rd1 Qb6+ 14. Nbd4 Be6 15. Qxb6 axb6 16. a3 0-0 17. g3 Rac8 18. c3 Bg4 19. Be2 Rfe8 20. Kg2 Nxc3 21. bxc3 Nxd4 22. Nxd4 Bxe2 23. Rd2 Bg4 24. Rd3 Ra8 25. h3 Be2 26. Rd2 Bc4 27. Rb1 Rxa3 28. Rxb6 Rxc3 29. Rxb7 f6 30. Nf5 Bd3 31. Rxg7+ Kh8 32. Re7 Be4+ 33. Kh2 Ra8 34. Nd6 Bg6 35. Nf7+ Kg8 36. Nh6+ Kf8 37. Rd7 Be4 38. Ng4 Rc1 39. Nf2 Raa1 40. g4 Rg1 41. Nxe4 Rh1+ 42. Kg3 Ra3+ 43. Kf4 dxe4 44. Rxh7 Kg8 45. Rb7 Ra8 46. Kxe4 Rxh3 47. Kf5 Rf8 48. Kg6 Kh8 49. Rdd7 Rh4 50. Rh7+ Rxh7 51. Rxh7+ Kg8 1/2-1/2

[Event "Astrakhan Region-ch"]
[Site "Astrakhan"]
[Date "2012.10.21"]
[Round "9"]
[White "Kamaletdinov, Farit"]
[Black "Mesnyankin, Nikita"]
[Result "1-0"]
[WhiteElo "1946"]
[BlackElo "1790"]
[PlyCount "61"]
[EventDate "2012.10.13"]
[EventType "swiss"]
[EventRounds "9"]
[EventCountry "RUS"]
[SourceTitle "EXT 2023"]
[Source "ChessBase"]
[SourceDate "2022.10.05"]
[SourceVersion "1"]
[SourceVersionDate "2022.10.05"]
[SourceQuality "1"]

1. b4 e5 2. Bb2 Bxb4 3. Bxe5 Nf6 4. c4 Nc6 5. Bb2 0-0 6. e3 d5 7. cxd5 Qxd5 8. Nf3 Bg4 9. Be2 Rad8 10. 0-0 Ne7 11. d4 Ng6 12. Nc3 Bxc3 13. Bxc3 Ne4 14. Qc2 Kh8 15. Rfc1 a5 16. Bxa5 b6 17. Bb4 c5 18. dxc5 bxc5 19. Bc3 f5 20. Bc4 Qc6 21. Ne5 Nxe5 22. Bxe5 Rd2 23. Qb3 Rxf2 24. Bd5 Qg6 25. Rc2 Be2 26. Bg3 c4 27. Qb4 Qf6 28. Rac1 Rd8 29. Bxf2 Bd3 30. Bxe4 fxe4 31. Rd2 1-0

[Event "Astrakhan Region-ch"]
[Site "Astrakhan"]
[Date "2012.10.20"]
[Round "8"]
[White "Mesnyankin, Nikita"]
[Black "Ektova, Elena"]
[Result "1/2-1/2"]
[WhiteElo "1790"]
[BlackElo "1806"]
[PlyCount "45"]
[EventDate "2012.10.13"]
[EventType "swiss"]
[EventRounds "9"]
[EventCountry "RUS"]
[SourceTitle "EXT 2023"]
[Source "ChessBase"]
[SourceDate "2022.10.05"]
[SourceVersion "1"]
[SourceVersionDate "2022.10.05"]
[SourceQuality "1"]

1. e4 c6 2. d4 d5 3. exd5 cxd5 4. c4 Nf6 5. Nc3 Nc6 6. Nf3 g6 7. cxd5 Nxd5 8. Qb3 e6 9. Be2 Bg7 10. Bg5 Qd7 11. Rd1 0-0 12. 0-0 b6 13. Bc4 Na5 14. Qb5 Nxc4 15. Qxc4 Bb7 16. Rfe1 Rac8 17. Qb3 Nxc3 18. bxc3 Bxf3 19. gxf3 Qc6 20. Re3 Qc4 21. Rdd3 h6 22. Bf4 Rfd8 23. Kf1 1/2-1/2

[Event "Astrakhan Region-ch"]
[Site "Astrakhan"]
[Date "2012.10.15"]
[Round "3"]
[White "Mesnyankin, Nikita"]
[Black "Akopov, Victor"]
[Result "1/2-1/2"]
[WhiteElo "1790"]
[BlackElo "1784"]
[PlyCount "50"]
[EventDate "2012.10.13"]
[EventType "swiss"]
[EventRounds "9"]
[EventCountry "RUS"]
[SourceTitle "EXT 2023"]
[Source "ChessBase"]
[SourceDate "2022.10.05"]
[SourceVersion "1"]
[SourceVersionDate "2022.10.05"]
[SourceQuality "1"]

1. e4 e6 2. d4 d5 3. Nd2 dxe4 4. Nxe4 Nf6 5. Bg5 Be7 6. Bxf6 Bxf6 7. Nf3 Nd7 8. Qd2 0-0 9. 0-0-0 Re8 10. Bd3 Nf8 11. c3 Bd7 12. g4 Bc6 13. g5 Be7 14. h4 f5 15. gxf6 Bxf6 16. h5 b5 17. Qf4 Rc8 18. Rdg1 Bxe4 19. Qxe4 c6 20. Qf4 Rc7 21. h6 Rf7 22. hxg7 Bxg7 23. Qh6 Qf6 24. Bxh7+ Nxh7 25. Qxh7+ Kf8 1/2-1/2

[Event "Astrakhan op"]
[Site "Astrakhan"]
[Date "2012.08.18"]
[Round "4"]
[White "Mesnyankin, Nikita"]
[Black "Prokopenko, Roman"]
[Result "1/2-1/2"]
[WhiteElo "1744"]
[BlackElo "1969"]
[PlyCount "38"]
[EventDate "2012.08.15"]
[EventType "swiss"]
[EventRounds "9"]
[EventCountry "RUS"]
[SourceTitle "CBM 150 Extra"]
[Source "ChessBase"]
[SourceDate "2012.10.19"]
[SourceVersion "1"]
[SourceVersionDate "2012.10.19"]
[SourceQuality "1"]

1. e4 c5 2. Nf3 d6 3. d3 Nf6 4. g3 g6 5. Bg2 Bg7 6. 0-0 0-0 7. Re1 Nc6 8. c3 e5 9. h3 Re8 10. Be3 b5 11. Nbd2 Rb8 12. d4 exd4 13. cxd4 c4 14. a3 d5 15. e5 Nd7 16. Qc2 Nb6 17. Nh4 b4 18. f4 b3 19. Nxb3 cxb3 1/2-1/2